000 00634nam a2200253Ia 4500
003 OSt
005 20221007074106.0
006 a|||||r|||| 00| 0
007 ta
008 221006b |||||||| |||| 00| 0 hin d
024 _a6,202
037 _cTextual
040 _aFLL
_cFLL
_bhin
041 _2hin
_ahin
082 _aZ2,853, 152M6
100 _aMogha Au.
245 0 _aLaw of pleadings
250 _a2nd
260 _aLucknow
_bEastern law house India
_c1986
300 _axlvi,1011p
_ccm.
650 _aPleadings law
942 _hZ2,853, 152M6
_cTEXL
_2CC
999 _c1151123
_d1151123